| 000 | 03495nam a22004697a 4500 | ||
|---|---|---|---|
| 999 |
_c6601 _d6601 |
||
| 003 | OSt | ||
| 005 | 20260409125350.0 | ||
| 008 | 190228c xxuf||p| |||| 00| 0 spa d | ||
| 040 | _cPJ | ||
| 245 | 1 | 0 |
_aRevista de derecho laboral : _blas indemnizaciones laborales - II / _cdirector Mario E. Ackerman. |
| 260 |
_aSanta Fé : _bRubinzal-Culzoni, _c2022. |
||
| 300 |
_a668 p. _c22 cm. |
||
| 310 | _asemestral | ||
| 362 | _aNo. 2 (2022) | ||
| 505 |
_tHistoria y cronología de la evolución de las prestaciones económicas del régimen de riesgos del trabajo / _rMiguel Ángel Maza. |
||
| 505 |
_tEl artículo 3º de la ley 26.773 y los daños a la persona en el código civil y comercial de la nación / _rRicardo Arturo Foglia y Ricardo Foglia. |
||
| 505 |
_tPrestaciones reparadoras de la incapacidad laboral temporaria (ilt) en el sistema de riesgos del trabajo / _rLuis Enrique Ramírez. |
||
| 505 |
_tAlgunas cuestiones sobre el nuevo artículo 12 de la lrt / _r Mauricio Adrián Marionsini y Ricardo León Chércoles. |
||
| 505 |
_tLas indemnizaciones en el ámbito civil. criterios de evaluación y cuantificación. su comparación con el sistema de riesgos del trabajo / _r María Fabiana Compiani. |
||
| 505 |
_tNecesidad de recuperar las desaparecidas acciones civiles por infortunios del trabajo / _rJorge Elías. |
||
| 505 |
_tLos reclamos fundados en normas de derecho común contra las art aspectos sustanciales y procesales reparación de los daños causados por la falta de prevención / _rLaura Mariana Soage. |
||
| 505 |
_tEl asedio de minorías intensas al estándar constitucional de protección del empleo / _r José Daniel Machado. |
||
| 505 |
_tOmisión de entrega de certificado de trabajo o de constancias documentadas de aportes y contribuciones / _rSilvina Verónica Arcaro. |
||
| 505 |
_tIndemnizaciones por vacaciones no gozadas y por vacaciones no otorgadas / _rJuan Ignacio Orsini. |
||
| 505 |
_tDaños a la expectativa en la ejecución del contrato de trabajo y su reparación / _rAníbal Cuadrado. |
||
| 505 |
_tExtensión de la reparación de los daños ocasionados durante el período de formación definitiva del contrato de trabajo / _rDiego J. Tula. |
||
| 505 |
_tOmisión de pago de indemnizaciones por despido injustificado y sustitutiva del preaviso. ¿qué daños indemniza el artículo 2º de la ley 25.323? / _rSebastián Coppoletta. |
||
| 505 |
_tComentarios sobre el daño moral y la indemnización extratarifaria / _r Diego Fernando Manauta. |
||
| 505 |
_tLa “indemnización reducida” de la ley de contrato de trabajo (artículo 247) / _rSilvia E. Pinto Varela. |
||
| 505 |
_tLa indemnización por muerte en la ley de contrato de trabajo / _r Gastón Emiliano López Argonz. |
||
| 505 |
_tLa opción indemnizatoria en la tutela sindical / _r Horacio Las Heras. |
||
| 505 |
_tSobre las indemnizaciones basadas en la relación de consumo y las prácticas violentas en el marco de la lrt / _rCésar Arese. |
||
| 505 |
_tSumarios y sistematización de fallos / _r María Isabel Sforsini y Diego Guirado Colaborador: Nahuel Nehuen Espinillo. |
||
| 650 | 0 |
_91316 _aDERECHO LABORAL |
|
| 650 | 0 |
_91382 _aINDEMNIZACION |
|
| 650 | 0 |
_91323 _aCONTRATO DE TRABAJO |
|
| 650 | 0 |
_91533 _aDESPIDO |
|
| 700 |
_91423 _aAckermann, Mario Eduardo _edirector |
||
| 856 |
_uhttps://www.rubinzal.com.ar/revistas/revista-de-derecho-laboral/5/?home=1 _yRubinzal Culzoni Editores |
||
| 942 |
_2udc _cPP _h347.1(05) _iREV |
||